UBT Library

Drejtim portofoli : (Record no. 224)

000 -LEADER
fixed length control field 00569nam a22002057a 4500
008 - FIXED-LENGTH DATA ELEMENTS--GENERAL INFORMATION
fixed length control field 131031b xxu||||| |||| 00| 0 alb d
020 ## - INTERNATIONAL STANDARD BOOK NUMBER
International Standard Book Number 9789995634100
041 0# - LANGUAGE CODE
Language code of text/sound track or separate title alb
080 ## - UNIVERSAL DECIMAL CLASSIFICATION NUMBER
Universal Decimal Classification number 33
Common auxiliary subdivision (075.8)
100 1# - Rafti
Rafti Bundo, Sherif
245 10 - TITLE STATEMENT
Title Drejtim portofoli :
Statement of responsibility, etc Sherif Bundo, bashkëpunoi Gerdi Lito.
250 ## -
-- Botimi 1
260 ## -
-- Tiranë :
-- albPaper ;
-- 2007.
300 ## -
-- 303 f. :
-- me il. ;
-- 23 cm.
500 ## -
-- Parathënie : f. 5-6
505 ## -
-- Bibliografi : f. 293-294
650 #0 -
-- Ekonomia
700 1# -
-- Lito, Gerdi
942 ## - ADDED ENTRY ELEMENTS (KOHA)
Source of classification or shelving scheme
Item type Books
Holdings
Withdrawn status Lost status Source of classification or shelving scheme Damaged status Not for loan Collection code Permanent location Current location Shelving location Date acquired Total Checkouts Full call number Barcode Date last seen Koha item type
          Koleksioni i përgjithshem UBT - Prishtine UBT - Prishtine Koleksioni i përgjithshem 10/31/2013   33(075.8) BUN 001-000255 10/31/2013 Books
UBT Library © 2015-2024. All rights reserved University Education for Business and Technology